000 00437nam a22001817a 4500
005 20230819151419.0
008 230816b |||||||| |||| 00| 0 eng d
020 _a978-93-5466-507-3
041 _aeng
082 _a618.92 ESS-P
100 _aPAUL,VINOD K AND BAGGA, ARVIND
_98044
245 _aGHAI ESSENTIAL PEDIATRICS
250 _a10TH, ED.
260 _aNEW DELHI
_bCBS
300 _a884;p
650 _aBPT
_98045
942 _cBK
999 _c8356
_d8354